University Home | Library Home | Institutional Repository

Responses of Miombo to harvesting : (Record no. 111460)

MARC details
000 -LEADER
fixed length control field 00637cam3a220020500 4500
001 - CONTROL NUMBER
control field tmp15936468
003 - CONTROL NUMBER IDENTIFIER
control field UPRA
005 - DATE AND TIME OF LATEST TRANSACTION
control field 20190819121833.0
008 - FIXED-LENGTH DATA ELEMENTS--GENERAL INFORMATION
fixed length control field 951114s1993 sw eng u
035 ## - SYSTEM CONTROL NUMBER
System control number (Sirsi) r48806
035 ## - SYSTEM CONTROL NUMBER
System control number (UPRA)tmp15936468
040 ## - CATALOGING SOURCE
Transcribing agency UPRA
050 ## - LIBRARY OF CONGRESS CALL NUMBER
Classification number QH 541.5F6 CHI 1993
100 1# - MAIN ENTRY--PERSONAL NAME
Personal name Chiduymays, Emmanuel N.
Linkage A6849.1
245 10 - TITLE STATEMENT
Title Responses of Miombo to harvesting :
Remainder of title ecology and management /
Statement of responsibility, etc. Emmanuel N. Chidumays.
260 ## - PUBLICATION, DISTRIBUTION, ETC.
Place of publication, distribution, etc. Stockholm :
Name of publisher, distributor, etc. Environment Institute,
Date of publication, distribution, etc. 1993.
949 ## - LOCAL PROCESSING INFORMATION (OCLC)
m MAIN
t BOOK
l ON-SHELF
987 ## - LOCAL ROMANIZATION/CONVERSION HISTORY (OCLC)
Romanization/conversion identifier Image : unreadable?
Agency that converted, created or reviewed bottom half of card unreadable.

No items available.

© 2026 - The University of Zambia Library - Koha v25.11